01373nab a2200361 a 450000100060000000300080000600500170001400600190003100700150005000800410006502200140010603500210012004000260014105000170016708000070018408200120019110000270020322200240023024501380025426000750039230000100046731000150047736200180049253301640051065000530067465000380072765000600076565000570082565500320088271000190091485600610093399900170099436202FlNmELB20241216221411.0m o d | cr cn|||||||||201201r1994 mx |||||s|||||||||||spa d a0185-2698 a(OCoLC)955385109 aFlNmELBbspacFlNmELB 4aL7bZ38 1994 a3704a3702221 aZarzar Charur, Carlos. 0aPerfiles Educativos13aLa definición de objetivos de aprendizaje:h[recurso electronico]buna habilidad básica para la docencia /cCarlos Zarzar Charur. aD.F. (México) :bUniversidad Nacional Autónoma de México,c1994. a11 p. aTrimestral0 aNo. 63(1994)- aRecurso electrónico. Santa Fe, Arg.: e-libro, 2015. Disponible vía World Wide Web. El acceso puede estar limitado para las bibliotecas afiliadas a e-libro. 4aEducación.vPublicaciones seriadas.zMéxico. 4aEducation.vPeriodicals.zMexico. 4aEducación.xPolítica y reforma educativa.xGeneral. 4aEducation.xEducational Policy and Reform.xGeneral. 4aArtículos electrónicos.2 ae-libro, Corp.40uhttps://elibro.net/ereader/politecnicointernacional/6987 c36202d36202